|
|
|
|
| LEADER |
00000nam a22000004a 4500 |
| 001 |
AR-BbUGT5411 |
| 003 |
AR-BbUGT |
| 005 |
20181220001855.0 |
| 007 |
ta |
| 008 |
171025t2007 ag a |0|||0|spa d |
| 020 |
|
|
|a 987-950-12-2726-0
|
| 040 |
|
|
|a AR-BbUGT
|b spa
|c AR-BbUGT
|
| 082 |
0 |
4 |
|a 361.25
|
| 100 |
1 |
|
|a Puig, Toni.
|
| 245 |
1 |
0 |
|a Se acabó la diversión:
|b ideas y gestión para la cultura que crea y sostiene ciudadanía /
|c Toni Puig.
|
| 250 |
|
|
|a 2ª ed.
|
| 260 |
|
|
|a Buenos Aires :
|b Paidós,
|c 2007.
|
| 300 |
|
|
|a 317 p. :
|b il. ;
|c 19 cm.
|
| 490 |
1 |
|
|a Estudios de comunicación ;
|v no. 26
|
| 653 |
|
|
|a Cultura
|
| 653 |
|
|
|a Comunicación
|
| 653 |
|
|
|a Ciudadanía
|
| 653 |
|
|
|a Política cultural
|
| 653 |
|
|
|a Cultura popular
|
| 653 |
|
|
|a Argentina
|
| 830 |
|
0 |
|a Estudios de comunicación ;
|v no. 26
|
| 942 |
|
|
|c BK
|h 361.25
|i P979
|m A
|2 ddc
|6 361_250000000000000_P979
|
| 999 |
|
|
|c 11695
|d 11695
|